| 000 | 01241cad a22002175a 4500 | ||
|---|---|---|---|
| 001 | L151006 | ||
| 008 | 100922s2010 xxk f 000 0 eng d | ||
| 020 | _a9781409825456 | ||
| 035 | _a(Sirsi) u151006 | ||
| 041 | 0 | _aeng | |
| 050 | 0 | 4 | _a690.24 $2 18 |
| 110 | 2 |
_aUnited Kingdom _bDepartment for Communities and Local Government _94939 |
|
| 245 | 0 | 4 |
_aThe role of condition information in the home buying and selling process _bFindings from an online survey and qualitative research among home buyers and sellers _h[electronic resource] |
| 260 |
_aLondon _bDCLG _c2010 |
||
| 520 | _aSummarises the key findings from a short research exercise conducted by Ipsos MORI and DTZ to assist in the development of the evidence base for the CLG Working Group on Condition Information in the Home Buying and Selling process: Final Report (see L150997). Results of an online survey and qualitative research among home buyers and sellers. (See also L150999 and LI51002) | ||
| 590 | _aKA | ||
| 651 | 4 | _aENGLAND AND WALES | |
| 690 | _aBUILT ENVIRONMENT-BUILDING SURVEYING-STOCK CONDITION SURVEYING | ||
| 856 | 4 | 0 |
_uhttps://www.communities.gov.uk/documents/housing/pdf/1705034.pdf _zView this item free of charge at www.communities.gov.uk |
| 942 | _n0 | ||
| 999 |
_c111100 _d111100 |
||